Economía del comportamiento : una breve introducción /

Detalles Bibliográficos
Autor principal: Baddeley, Michelle, 1965- (Autor)
Formato: Electrónico eBook
Lenguaje:español
inglés
Publicado: Santiago, Chile : [Inglaterra] : Ediciones UC ; Oxford, [2020]
Materias:
Acceso en línea:Digitalia Hispánica

MARC

LEADER 00000nam a2200000Ii 4500
001 DIGUCCH0160
003 NyNyDIG
006 m o d
007 cr |||||||||||
008 250714s2020 cl a ob 000 0 spa d
035 |a (OCoLC)1528854271 
040 |a DGITA  |b eng  |e rda  |e pn  |c DGITA 
020 |a 9789561424890  |q digital 
020 |z 9789561424883 
041 1 |a spa  |h eng 
050 1 4 |a HB74.P8 ebook 
100 1 |a Baddeley, Michelle,  |d 1965-  |e author. 
245 1 0 |a Economía del comportamiento :  |b una breve introducción /  |c Michelle Baddeley. 
264 1 |a Santiago, Chile :  |b Ediciones UC ;  |a [Inglaterra] :  |b Oxford,  |c [2020] 
300 |a 1 online resource :  |b illustrations. 
336 |a text  |b txt  |2 rdacontent 
337 |a computer  |b c  |2 rdamedia 
338 |a online resource  |b cr  |2 rdacarrier 
347 |a text file  |2 rdaft 
347 |b EPUB 
504 |a Includes bibliographical references. 
588 0 |a Online resource; title from ePub title page (Digitalia, viewed July 14, 2025) 
650 0 |a Economics  |x Psychological aspects. 
776 0 8 |i Print version:  |a Baddeley, Michelle, 1965-  |t Economía del comportamiento.  |d Santiago, Chile : Ediciones UC ; [Inglaterra] : Oxford, [2020]  |z 9789561424883 
791 2 |a Digitalia (Firm),  |e distributor. 
793 0 |g Digitalia eBook Collection:  |a Universidad Católica de Chile 
856 4 0 |3 Digitalia Hispánica  |u https://www.digitaliapublishing.com/a/175458/ 
910 |a Premium collection: 2025